000 00462nam a22001577a 4500
003 OSt
005 20151001110129.0
008 151001b xxu||||| |||| 00| 0 eng d
040 _cRUA
082 _aAGR SOK 2005 B062 Or.1
100 _91667
_aSOK, SARA`NG.
245 _aEffet des engrais verts sur le riz 'sen pidor' a` la station expe`rimentae de l'universite` royale d'agriculture.
260 _aphnom phen
300 _a47p.
_bill.
_c29cm.
942 _2ddc
_cAGR
999 _c1572
_d1572